Statistics for Five Biggest Cities by Continent by Letter - P

Click here to take the quiz!

General Stats

  • This quiz has been taken 511 times
  • The average score is 17 of 30

Answer Stats

PopulationCountryCity% Correct
2,220,000FranceParis
99%
1,281,000Czech RepublicPrague
99%
2,581,000North KoreaPyongyang
95%
1,977,000AustraliaPerth
93%
876,000HaitiPort-au-Prince
93%
1,243,000CambodiaPhnom Penh
91%
1,568,000USAPhiladelphia
90%
742,000South AfricaPretoria
90%
364,000PNGPort Moresby
82%
1,615,000USAPhoenix
81%
674,000ItalyPalermo
77%
640,000USAPortland
74%
1,485,000BrazilPorto Alegre
71%
5,058,000IndiaPune
71%
1,498,000MexicoPuebla
58%
1,006,000NigeriaPort Harcourt
52%
51,000VanuatuPort Vila
52%
1,048,000RussiaPerm
51%
540,000PolandPoznan
48%
1,441,000IndonesiaPalembang
41%
571,000EgyptPort Said
39%
395,000SudanPort Sudan
38%
2,049,000IndiaPatna
37%
715,000Congo (Rep.)Pointe-Noire
24%
84,000New ZealandPalmerston North
13%
436,000PeruPiura
7%
474,000BrazilPorto Velho
6%
401,000ColombiaPereira
5%
55,000New ZealandPorirua
4%
437,000VenezuelaPetare
3%

Score Distribution

Percentile by Number Answered

Percent of People with Each Score

Your Score History

You have not taken this quiz